[Event "South America-ch U20"]
[Site "Asuncion"]
[Date "2013.05.20"]
[Round "5"]
[White "Ibanez, Juan"]
[Black "Caceres Recalde, Fernando"]
[Result "0-1"]
[WhiteElo "2001"]
[BlackElo "2204"]
[PlyCount "78"]
[EventDate "2013.05.17"]
[EventType "swiss"]
[EventRounds "9"]
[EventCountry "PAR"]
[SourceTitle "CBM 154 Extra"]
[Source "ChessBase"]
[SourceDate "2013.06.25"]
[SourceVersion "2"]
[SourceVersionDate "2013.06.25"]
[SourceQuality "1"]

1. e4 c5 2. Nf3 d6 3. d4 cxd4 4. Nxd4 Nf6 5. Nc3 a6 6. Be2 e5 7. Nb3 Be7 8. f4 0-0 9. 0-0 Nbd7 10. a4 exf4 11. Bxf4 Ne5 12. Kh1 Be6 13. Nd4 Rc8 14. Nf5 Bxf5 15. exf5 Qb6 16. Rb1 Rfe8 17. Qe1 Nc6 18. Qd2 Nb4 19. Bg5 d5 20. Bxf6 Bxf6 21. Bf3 Red8 22. Rbc1 h6 23. Qf2 Qxf2 24. Rxf2 Bxc3 25. bxc3 Rxc3 26. Rd2 a5 27. h3 b6 28. Rcd1 Rxc2 29. Rxc2 Nxc2 30. Bxd5 Kf8 31. Bf3 Rxd1+ 32. Bxd1 Ne3 33. Bb3 Nxf5 34. g4 Nd4 35. Bc4 Ne6 36. Kg2 Ke7 37. Kf3 Kd6 38. h4 Kc5 39. Bb5 Nd4+ 0-1

[Event "South America-ch U20"]
[Site "Asuncion"]
[Date "2013.05.19"]
[Round "4"]
[White "Quenallata, Luciano"]
[Black "Ibanez, Juan"]
[Result "0-1"]
[WhiteElo "2194"]
[BlackElo "2001"]
[PlyCount "120"]
[EventDate "2013.05.17"]
[EventType "swiss"]
[EventRounds "9"]
[EventCountry "PAR"]
[SourceTitle "CBM 154 Extra"]
[Source "ChessBase"]
[SourceDate "2013.06.25"]
[SourceVersion "2"]
[SourceVersionDate "2013.06.25"]
[SourceQuality "1"]

1. c4 c5 2. Nc3 Nc6 3. g3 g6 4. Bg2 Bg7 5. Nf3 e5 6. 0-0 Nge7 7. Ne1 0-0 8. Nc2 d6 9. Ne3 Rb8 10. Ned5 a6 11. a4 f5 12. d3 h6 13. f4 Bd7 14. Rb1 Kh7 15. Bd2 Nxd5 16. cxd5 Nb4 17. Qc1 Qe7 18. h4 Rfc8 19. fxe5 dxe5 20. Qe1 Qd6 21. Qf2 Rf8 22. Qf3 b6 23. Rbd1 Rbe8 24. Bc1 Nc2 25. e3 Nb4 26. Qe2 h5 27. Rf2 c4 28. dxc4 e4 29. Rf4 Be5 30. Bf1 Nd3 31. Qc2 Nxf4 32. exf4 Bg7 33. Be3 Rc8 34. Qf2 Rb8 35. a5 bxa5 36. c5 Qc7 37. c6 Bxc6 38. dxc6 Qxc6 39. Rd5 Rxb2 40. Qxb2 Qxd5 41. Qa3 Qc6 42. Ne2 Rd8 43. Qxa5 Rd1 44. Kf2 Qc4 45. Qb6 Qd3 46. Qa7 Qb1 47. Bd4 Rxd4 48. Nxd4 Qb2+ 49. Ne2 Qa3 50. Qe3 Qb4 51. Qc1 a5 52. Ng1 a4 53. Nh3 Bc3 54. Qd1 Bd4+ 55. Kg2 a3 56. Ng5+ Kh6 57. Nf7+ Kg7 58. Ng5 Qb2+ 59. Kh3 Kh6 60. Bc4 Qc3 0-1

[Event "South America-ch U20"]
[Site "Asuncion"]
[Date "2013.05.18"]
[Round "2"]
[White "Gotz, Klaus Seiji Furucho"]
[Black "Ibanez, Juan"]
[Result "1-0"]
[WhiteElo "2095"]
[BlackElo "2001"]
[PlyCount "79"]
[EventDate "2013.05.17"]
[EventType "swiss"]
[EventRounds "9"]
[EventCountry "PAR"]
[SourceTitle "CBM 154 Extra"]
[Source "ChessBase"]
[SourceDate "2013.06.25"]
[SourceVersion "2"]
[SourceVersionDate "2013.06.25"]
[SourceQuality "1"]

1. d4 d5 2. c4 e6 3. Nc3 Nf6 4. Nf3 Nbd7 5. cxd5 exd5 6. Bg5 Bb4 7. Qc2 c5 8. e3 Qa5 9. Bd3 c4 10. Bf5 0-0 11. 0-0 Re8 12. Bf4 g6 13. Bh3 Bxc3 14. bxc3 Ne4 15. Rfc1 Nb6 16. Bxc8 Raxc8 17. Rab1 Qa6 18. Rb4 Re6 19. a4 Nd7 20. Nd2 Nxd2 21. Qxd2 Rb6 22. Rcb1 Rxb4 23. Rxb4 b5 24. Qc2 bxa4 25. Qxa4 Rc6 26. f3 f5 27. Qb5 Qxb5 28. Rxb5 Ra6 29. Rxd5 Nb6 30. Rd8+ Kf7 31. Rh8 h5 32. Rh7+ Kg8 33. Rc7 Ra3 34. e4 fxe4 35. fxe4 Rxc3 36. Rxa7 Rd3 37. e5 c3 38. Rc7 Rxd4 39. Be3 Re4 40. Bxb6 1-0

[Event "PAR-ch"]
[Site "Asuncion"]
[Date "2011.10.02"]
[Round "7"]
[White "Vargas Reyes, Ana Gabriela"]
[Black "Ibanez, Juan"]
[Result "1-0"]
[WhiteElo "2076"]
[BlackElo "2001"]
[PlyCount "53"]
[EventDate "2011.09.23"]
[EventType "swiss"]
[EventRounds "9"]
[EventCountry "PAR"]
[SourceTitle "CBM 144 Extra"]
[Source "ChessBase"]
[SourceDate "2011.10.28"]
[SourceVersion "1"]
[SourceVersionDate "2011.10.28"]
[SourceQuality "1"]

1. d4 Nf6 2. Nf3 d5 3. e3 Bf5 4. Bd3 Bg6 5. 0-0 e6 6. b3 Nbd7 7. Bb2 Bd6 8. c4 c6 9. Ne5 Bxd3 10. Qxd3 0-0 11. Nd2 Rc8 12. f4 b6 13. Rac1 c5 14. Kh1 Qe7 15. Nxd7 Nxd7 16. e4 dxe4 17. Nxe4 Nf6 18. dxc5 Nxe4 19. cxd6 Nxd6 20. Ba3 Rfd8 21. Rcd1 Rc6 22. Rd2 Qc7 23. Rfd1 h6 24. Qf3 Kh7 25. g3 Nb7 26. Rxd8 Nxd8 27. Qd3+ 1-0